<?xml version="1.0" encoding="UTF-8"?>
<record
    xmlns:xsi="http://www.w3.org/2001/XMLSchema-instance"
    xsi:schemaLocation="http://www.loc.gov/MARC21/slim http://www.loc.gov/standards/marcxml/schema/MARC21slim.xsd"
    xmlns="http://www.loc.gov/MARC21/slim">

  <leader>00736nam a22001937a 4500</leader>
  <controlfield tag="003">LK-CoDNM</controlfield>
  <controlfield tag="005">20241108091930.0</controlfield>
  <controlfield tag="008">241108b        |||||||| |||| 00| 0 eng d</controlfield>
  <datafield tag="040" ind1=" " ind2=" ">
    <subfield code="a">LK-CoDNM</subfield>
    <subfield code="d">LK-CoDNM</subfield>
    <subfield code="e">LK-CoDNM</subfield>
  </datafield>
  <datafield tag="041" ind1=" " ind2=" ">
    <subfield code="a">sin</subfield>
  </datafield>
  <datafield tag="080" ind1=" " ind2=" ">
    <subfield code="a">&#xDB4;&#xDCA;&#x200D;&#xDBB;.&#xDC3; </subfield>
    <subfield code="b">100</subfield>
  </datafield>
  <datafield tag="100" ind1=" " ind2=" ">
    <subfield code="a">&#xD9A;&#xDDC;&#xDA7;&#xDD4;&#xDC0;&#xDD2;&#xDBD; &#xDC0;&#xDD2;&#xDB8;&#xDBD;&#xD9A;&#xDD2;&#xDAD;&#xDCA;&#xDAD;&#xDD2; </subfield>
  </datafield>
  <datafield tag="245" ind1=" " ind2=" ">
    <subfield code="a"> &#xDC3;&#xDD2;&#xD82;&#xDC4;&#xDBD; &#xDC3;&#xD9C;&#xDBB;&#xDCF;&#xDC0; &#xDB8;&#xD82;&#xD9C;&#xDBD; &#xD9A;&#xDBD;&#xDCF;&#xDB4;&#xDBA; 1960-61</subfield>
  </datafield>
  <datafield tag="260" ind1=" " ind2=" ">
    <subfield code="a">&#xD9A;&#xDDC;&#xDC5;&#xDB9; </subfield>
    <subfield code="b"> &#xDC1;&#xDCA;&#x200D;&#xDBB;&#xDD3; &#xDBD;&#xD82;&#xD9A;&#xDCF; &#xDC0;&#xDD2;&#xDC1;&#xDCA;&#xDC0;&#xDC0;&#xDD2;&#xDAF;&#xDCA;&#x200D;&#xDBA;&#xDCF;&#xDBD;&#xDBA; &#xDC3;&#xDD2;&#xD82;&#xDC4;&#xDBD; &#xDC3;&#xD82;&#xD9C;&#xDB8;&#xDBA; </subfield>
    <subfield code="c">1960-61</subfield>
  </datafield>
  <datafield tag="300" ind1=" " ind2=" ">
    <subfield code="a">189p. : 21 cm</subfield>
  </datafield>
  <datafield tag="650" ind1=" " ind2=" ">
    <subfield code="a">&#xDB4;&#xDCA;&#x200D;&#xDBB;.&#xDC3;100</subfield>
  </datafield>
  <datafield tag="650" ind1=" " ind2=" ">
    <subfield code="a">&#xDC3;&#xDD2;&#xD82;&#xDC4;&#xDBD; &#xDC3;&#xD9C;&#xDBB;&#xDCF;&#xDC0; &#xDB8;&#xD82;&#xD9C;&#xDBD; &#xD9A;&#xDBD;&#xDCF;&#xDB4;&#xDBA; 1960-61</subfield>
  </datafield>
  <datafield tag="942" ind1=" " ind2=" ">
    <subfield code="c">BK</subfield>
  </datafield>
  <datafield tag="952" ind1=" " ind2=" ">
    <subfield code="0">0</subfield>
    <subfield code="1">0</subfield>
    <subfield code="4">1</subfield>
    <subfield code="7">0</subfield>
    <subfield code="8">OBC</subfield>
    <subfield code="a">MAIN</subfield>
    <subfield code="b">MAIN</subfield>
    <subfield code="c">REF</subfield>
    <subfield code="d">2024-11-08</subfield>
    <subfield code="l">0</subfield>
    <subfield code="o">&#xDB4;&#xDCA;&#x200D;&#xDBB;.&#xDC3;  100</subfield>
    <subfield code="p">OJP4897-1</subfield>
    <subfield code="r">2024-11-08</subfield>
    <subfield code="w">2024-11-08</subfield>
    <subfield code="y">BK</subfield>
  </datafield>
  <datafield tag="999" ind1=" " ind2=" ">
    <subfield code="c">228535</subfield>
    <subfield code="d">228535</subfield>
  </datafield>
</record>
